| Record ID | ia:littlecloud000carl |
| Source | Internet Archive |
| Download MARC XML | https://archive.org/download/littlecloud000carl/littlecloud000carl_marc.xml |
| Download MARC binary | https://www.archive.org/download/littlecloud000carl/littlecloud000carl_meta.mrc |
LEADER: 00734cam 2200241 a 4500
001 98189863
003 DLC
005 19990716000000.0
008 980828s1998 nyua a 000 1 eng
010 $a 98189863
020 $a0399231919
040 $aDLC$cDLC$dDLC
042 $alcac
050 00 $aPZ7.C21476$bLi 1998
082 00 $a[E]$221
100 1 $aCarle, Eric.
245 10 $aLittle cloud /$cby Eric Carle.
250 $a1st board book ed.
260 $aNew York :$bPhilomel Books,$c1998.
300 $a1 v. (unpaged) :$bcol. ill. ;$c18 cm.
500 $aOn board pages.
520 $aA little cloud becomes all sorts of things--a sheep, an airplane, trees, a hat--before joining other clouds and raining.
650 1 $aClouds$xFiction.